Taxes and business strategy : (Record no. 22796)
[ view plain ]
| 000 -LEADER | |
|---|---|
| fixed length control field | 02161cam a22003255a 4500 |
| 001 - CONTROL NUMBER | |
| control field | 017049472 |
| 003 - CONTROL NUMBER IDENTIFIER | |
| control field | OSt |
| 005 - DATE AND TIME OF LATEST TRANSACTION | |
| control field | 20161024113425.0 |
| 008 - FIXED-LENGTH DATA ELEMENTS--GENERAL INFORMATION | |
| fixed length control field | 150206t2016 enka frbd 001 0 eng d |
| 020 ## - INTERNATIONAL STANDARD BOOK NUMBER | |
| International Standard Book Number | 9781292065571 |
| 020 ## - INTERNATIONAL STANDARD BOOK NUMBER | |
| International Standard Book Number | 1292065575 |
| 040 ## - CATALOGING SOURCE | |
| Original cataloging agency | StDuBDS |
| Language of cataloging | eng |
| Transcribing agency | StDuBDS |
| Modifying agency | Uk |
| -- | EG-ScBUE |
| 082 04 - DEWEY DECIMAL CLASSIFICATION NUMBER | |
| Edition number | 22 |
| Classification number | 658.153 |
| Item number | TAX |
| 245 00 - TITLE STATEMENT | |
| Title | Taxes and business strategy : |
| Remainder of title | a planning approach / |
| Statement of responsibility, etc | Myron S. Scholes ... [et al.] |
| 250 ## - EDITION STATEMENT | |
| Edition statement | 5th ed., Global ed. |
| 260 ## - PUBLICATION, DISTRIBUTION, ETC. (IMPRINT) | |
| Place of publication, distribution, etc | Harlow : |
| Name of publisher, distributor, etc | Pearson Education Limited, |
| Date of publication, distribution, etc | c.2016. |
| 300 ## - PHYSICAL DESCRIPTION | |
| Extent | 528 p. : |
| Other physical details | ill. ; |
| Dimensions | 26 cm. |
| 500 ## - GENERAL NOTE | |
| General note | Glossary : p. 506-516. |
| 500 ## - GENERAL NOTE | |
| General note | Index : p. 517-528. |
| 504 ## - BIBLIOGRAPHY, ETC. NOTE | |
| Bibliography, etc | Includes bibliographical references. |
| 505 ## - FORMATTED CONTENTS NOTE | |
| Formatted contents note | Chapter 1 Introduction to Tax Strategy -- Chapter 2 Tax Planning Fundamentals -- Chapter 3 Returns on Alternative Savings Vehicles -- Chapter 4 Choosing the Optimal Organizational Form -- Chapter 5 Implicit Taxes and Clienteles, Arbitrage, Restrictions, and Frictions -- Chapter 6 Nontax Costs of Tax Planning -- Chapter 7 The Importance of Marginal Tax Rates and Dynamic Tax Planning Considerations -- Chapter 8 Compensation Planning -- Chapter 9 Pension and Retirement Planning -- Chapter 10 Multinational Tax Planning: Introduction and Investment Decisions -- Chapter 11 Multinational Tax Planning: Foreign Tax Credit Limitations and Income Shifting -- Chapter 12 Corporations: Formation, Operation, Capital Structure, and Liquidation -- Chapter 13 Introduction to Mergers, Acquisitions, and Divestitures -- Chapter 14 Taxable Acquisitions of Freestanding C Corporations -- Chapter 15 Taxable Acquisitions of S Corporations -- Chapter 16 Tax-Free Acquisitions of Freestanding C Corporations -- Chapter 17 Tax Planning for Divestitures -- Chapter 18 Estate and Gift Tax Planning |
| 590 ## - LOCAL NOTE (RLIN) | |
| Local note | Wessam |
| 650 #7 - SUBJECT ADDED ENTRY--TOPICAL TERM | |
| Topical term or geographic name as entry element | Business enterprises |
| General subdivision | Taxation |
| -- | Law and legislation |
| Geographic subdivision | United States. |
| Source of heading or term | BUEsh |
| 9 (RLIN) | 41609 |
| 650 #7 - SUBJECT ADDED ENTRY--TOPICAL TERM | |
| Topical term or geographic name as entry element | Tax planning |
| Geographic subdivision | United States. |
| Source of heading or term | BUEsh |
| 9 (RLIN) | 41610 |
| 651 ## - SUBJECT ADDED ENTRY--GEOGRAPHIC NAME | |
| Source of heading or term | BUEsh |
| 653 ## - INDEX TERM--UNCONTROLLED | |
| Resource For college | BAEPS, Business Administration |
| Arrived date list | October2016 |
| 690 7# - LOCAL SUBJECT ADDED ENTRY--TOPICAL TERM (OCLC, RLIN) | |
| Topical term or geographic name as entry element | Management and Business Studies |
| Source of heading or term | blcoll |
| 700 1# - ADDED ENTRY--PERSONAL NAME | |
| Personal name | Scholes, Myron S. |
| 9 (RLIN) | 41611 |
| 942 ## - ADDED ENTRY ELEMENTS (KOHA) | |
| Source of classification or shelving scheme | Dewey Decimal Classification |
| Edition | 22 |
| Call number prefix | 658.153 TAX |
| Withdrawn status | Item status | Source of classification or shelving scheme | Damaged status | Not for loan | Vendor | Home library | Current library | Shelving location | Date acquired | Source of acquisition | Cost, normal purchase price | Serial Enumeration / chronology | Total Checkouts | Full call number | Barcode | Date last seen | Cost, replacement price | Koha item type |
|---|---|---|---|---|---|---|---|---|---|---|---|---|---|---|---|---|---|---|
| Dewey Decimal Classification | Baccah | Central Library | Central Library | First floor | 23/10/2016 | Purchase | 480.00 | 25846 | 658.153 TAX | 000034453 | 15/07/2025 | 600.00 | Book - Borrowing | |||||
| Dewey Decimal Classification | Baccah | Central Library | Central Library | First floor | 24/10/2016 | Purchase | 480.00 | 25846 | 658.153 TAX | 000034229 | 15/07/2025 | 600.00 | Book - Borrowing |